| 000 | 00871nam a22002177a 4500 | ||
|---|---|---|---|
| 999 |
_c2537 _d2537 |
||
| 003 | AR-CdUCM | ||
| 008 | 190304b ||||| |||| 00| 0 spa d | ||
| 040 |
_aMUNICIPALIDAD PROVINCIAL DEL CUSCO _cBIBLIOTECA MUNICIPAL DEL CUSCO |
||
| 082 |
_a301.450973 / _bK56 |
||
| 100 |
_aKing, Martin Luther _98991 |
||
| 245 | _aPorqué no podemos esperar / | ||
| 260 |
_aBarcelona : _bTalleres graficos ferrer coll, _c1964. |
||
| 300 |
_a270 páginas ; _bfotografias. _c21 cm. |
||
| 505 | _aContenido: La revolución negra ¿por que 1963? -- La espada sana -- La birmingham de bull connor -- Amanecer de Birmingham -- Carta desde la cárcel de Birmingham -- Negros y blancos juntos ... | ||
| 650 |
_aNegros _93358 |
||
| 650 |
_aDerechos civiles _98397 |
||
| 650 |
_aEstados Unidos _91805 |
||
| 700 |
_aRomero Maura, Joaquin (traductor) _98992 |
||
| 942 |
_2ddc _cLIBROS |
||
| 945 | _aafb | ||